|
|
|
|
| LEADER |
00000nam a2200000 i 4500 |
| 001 |
1/79321 |
| 008 |
970221s1980 gre d |
| 035 |
|
|
|a 1990
|b 3
|c Δωρεά
|l 10033150
|
| 040 |
|
|
|a GR-MY-UA
|b gre
|e aacr
|
| 041 |
0 |
|
|a gre
|
| 082 |
0 |
|
|a 889.3
|
| 100 |
1 |
|
|a Μαρτίνης, Γιώργος.
|
| 245 |
1 |
0 |
|a Εφτά ευτυχίες με το τίποτε :
|b και άλλες νουβέλες /
|c Γιώργου Μαρτίνη
|
| 260 |
|
|
|a [Αθήναι] :
|b Μαυρίδης,
|c 1980
|
| 300 |
|
|
|a 184 σ.
|
| 650 |
0 |
0 |
|a Greek fiction, Modern.
|
| 852 |
|
|
|a INST
|b RHODES
|e 19970221
|h 889.3 ΜΑΡ
|p 005400010378
|q 005400010378
|t BK
|y 0
|
| 909 |
|
|
|a Ρ
|b 017521
|c 1990
|
| 970 |
|
|
|z 2000/06/ΟΙΚΟΝΟΜΟΠΟΥΛΟΥ (SUBJECT)
|